000 00695nam a2200229 4500
003 OSt
005 20211208091236.0
008 s2003 fr fre u
020 _a2210210100
020 _a9782210210103
040 _aLB-BrCRDP
082 1 _aMATHS
_bEB9 MAG.
100 1 _aBorreani, Jacqueline
245 1 0 _aMaths 3e Magnard
_cJacqueline Borreani
260 _aParis
_bMagnard
_c2003
300 _a304 p.
_c20*28 cm.
648 _a
650 _aMathématiques -- Manuels d'enseignement secondaire -- Premier cycle.
650 _aMathématiques -- Manuels d'enseignement secondaire.
942 _cBK
_2ddc
999 _c6475
_d6475